[Event "Netanya International GM 2019"]
[Site "Netanya"]
[Date "2019.06.28"]
[Round "6.4"]
[White "Rodshtein, Maxim"]
[Black "Eljanov, Pavel"]
[Result "1-0"]
[WhiteElo "2685"]
[BlackElo "2655"]
[Annotator "TA"]
[PlyCount "79"]
[EventDate "2019.06.23"]
[EventType "tourn"]
[EventCountry "ISR"]
[SourceTitle "playchess.com"]
[Source "ChessBase"]
[SourceQuality "1"]

{[%evp 15,79,10,21,14,22,14,6,7,9,6,22,-9,2,13,52,44,43,38,37,24,25,36,27,29,29,29,55,52,52,46,43,41,39,41,55,22,29,27,29,32,47,40,44,50,70,0,22,-153,25,0,0,-6,53,41,33,41,41,54,35,17,233,18,508,500,747,738]} 1. c4 e6 2. Nc3 d5 3. d4 Nf6 4. cxd5 exd5 5. Bg5 c6 6. e3 h6 7. Bh4 Be7 8. Bd3 O-O 9. Nge2 {D35: Queen's Gambit Declined: Exchange Variation} Nbd7 10. f3 Re8 (10... b5 11. O-O Nb6 12. Bf2 a5 13. Ng3 b4 14. Nce2 c5 15. dxc5 Bxc5 16. Rc1 {1-0 (51) Harikrishna,P (2750)-Adams,M (2747) Moscow 2017}) 11. O-O {The position is equal.} b5 12. Bf2 Nb6 $146 ({Predecessor:} 12... b4 13. Na4 Nb6 14. Nc5 Nbd7 15. Qc2 Nxc5 16. dxc5 Nd7 {½-½ (32) Haller,P (2205)-Kulakiewicz,M (2190) ICCF email 2015}) 13. b3 a5 14. Rc1 Bb7 15. Ng3 b4 16. Nce2 Nbd7 17. h3 c5 18. Nf5 Bf8 19. dxc5 Bxc5 20. Ned4 Ba6 21. Bxa6 Rxa6 22. Qd3 Qb6 23. Rc2 a4 24. Rfc1 Ra5 25. g4 axb3 26. axb3 (26. Qxb3 Ne5 $15) 26... Ne5 27. Qd1 Nfd7 28. Kg2 Qa6 {Threatening ...Nd3.} 29. Rd2 Qa8 30. Bg3 Bf8 $1 31. Ne2 $2 (31. Rdc2 $11) 31... Nc5 $2 (31... Nxf3 $1 $17 {Hoping for ...d4.} 32. Kxf3 d4+ 33. e4 Nf6) 32. Nf4 $36 {[%mdl 2048] Black is under pressure.} ({But not} 32. Rxd5 $2 {[#]} Nxf3 $1 {[%mdl 512]} 33. Nf4 (33. Kxf3 $2 Nd3 $19 {[%mdl 64] Pin}) 33... Ng5 $19) 32... Ra2 {[#] aiming for ...Rxd2+.} 33. Nd4 Ned3 (33... Rxd2+ $11 34. Qxd2 Nc6) 34. Nxd3 $14 Nxd3 35. Rxa2 Qxa2+ 36. Rc2 Qa6 37. Qe2 {And now Rc6 would win.} Bc5 $2 (37... Ra8 $11 {and Black stays safe.}) 38. Nf5 $2 (38. Ra2 $18 Qg6 39. Nf5) 38... Bxe3 $2 {[%mdl 8192]} (38... g6 $11 {and Black has nothing to worry.} 39. Ra2 Qb5) 39. Ra2 $18 ({Worse is} 39. Nxe3 d4 $17) 39... Qb5 40. Nd6 {[%mdl 64] Double Attack. Accuracy: White = 42%, Black = 41%.} ({Weaker is} 40. Nxe3 d4 $17) 1-0

[Event "Netanya International GM 2019"]
[Site "Netanya"]
[Date "2019.06.28"]
[Round "6.5"]
[White "Svidler, Peter"]
[Black "Nabaty, Tamir"]
[Result "1/2-1/2"]
[WhiteElo "2737"]
[BlackElo "2678"]
[Annotator "TA"]
[PlyCount "48"]
[EventDate "2019.06.23"]
[EventType "tourn"]
[EventCountry "ISR"]
[SourceTitle "playchess.com"]
[Source "ChessBase"]
[SourceQuality "1"]

{[%evp 13,48,26,40,20,16,29,38,24,32,18,19,12,5,14,12,8,11,10,16,16,11,15,9,16,14,0,0,0,0,0,21,33,29,0,0,0,0]} 1. e4 e5 2. Nf3 Nc6 3. Bb5 a6 4. Ba4 Nf6 5. O-O Bc5 6. c3 O-O 7. d4 Ba7 8. Re1 {C78: Ruy Lopez: Archangelsk and Möller Defences} (8. dxe5 Nxe4 9. Bc2 d5 10. exd6 Nxd6 11. Bg5 f6 12. Bf4 g5 13. Bxd6 Qxd6 14. Qxd6 cxd6 15. Nbd2 g4 {0-1 (73) Vallejo Pons,F (2693)-Carlsen,M (2845) Karlsruhe/Baden Baden 2019}) 8... b5 9. Bc2 d6 10. h3 {White is slightly better.} exd4 11. cxd4 Nb4 12. Bb3 c5 13. a3 Nc6 {[%cal Rc6d4]} 14. Be3 $146 ({Predecessor:} 14. dxc5 Bxc5 {1-0 (35) Bellahcene,B (2010)-Bezuidenhout,R Kemer 2009}) 14... Na5 15. Nc3 Nxb3 16. Qxb3 Bb7 17. Rad1 {[#] dxc5 is the strong threat.} Bxe4 18. Nxe4 Nxe4 19. dxc5 Bxc5 20. Qd3 Nf6 21. Bg5 h6 22. Bh4 d5 23. b4 Bb6 24. Nd4 Bxd4 $1 {Accuracy: White = 68%, Black = 94%.} 1/2-1/2

[Event "Netanya International GM 2019"]
[Site "Netanya"]
[Date "2019.06.30"]
[Round "7.1"]
[White "McShane, Luke J"]
[Black "Dominguez Perez, Leinier"]
[Result "1-0"]
[WhiteElo "2688"]
[BlackElo "2760"]
[Annotator "TA"]
[PlyCount "87"]
[EventDate "2019.06.23"]
[EventType "tourn"]
[EventCountry "ISR"]
[SourceTitle "playchess.com"]
[Source "ChessBase"]
[SourceQuality "1"]

{[%evp 18,87,12,8,14,14,16,14,16,-11,-11,-11,0,-12,-11,-19,0,-12,-15,-24,0,0,0,0,0,0,0,0,0,0,35,49,419,419,419,421,406,413,372,414,414,410,410,397,389,400,385,0,344,0,0,0,363,357,403,362,388,384,508,499,664,683,675,645,913,915,911,874,1025,1002,964,917]} 1. e4 e5 2. Nf3 Nc6 3. Bb5 Nf6 4. O-O Nxe4 5. Re1 Nd6 6. Nxe5 Be7 7. Bf1 Nxe5 8. Rxe5 O-O 9. d4 Bf6 10. Re1 Re8 {C67: Ruy Lopez: Berlin Defence: 4 0-0 Nxe4} 11. Bf4 (11. Rxe8+ Nxe8 12. d5 d6 13. Nd2 Bf5 14. Nf3 Be4 15. Bd3 Qe7 16. c4 c6 17. dxc6 Bxc6 18. Rb1 {½-½ (30) Anand,V (2774)-Karjakin,S (2752) Cupar 2019}) 11... Rxe1 12. Qxe1 Ne8 {The position is equal.} 13. Nc3 Bxd4 14. Nd5 d6 15. Bg5 f6 16. Bh4 Bxb2 17. Rb1 Be5 18. f4 {[#]} c6 $146 {Hoping for ...Bd4+.} 19. fxe5 cxd5 20. exf6 Nxf6 21. Bd3 Bd7 $1 22. Qg3 Bc6 23. Bg5 $40 {[%mdl 128] White attacks.} Kh8 24. Qh4 h6 $2 {[%mdl 8192] [#]} (24... Qd7 $14) 25. Bxh6 $1 $18 {[%mdl 512]} gxh6 26. Qxh6+ Kg8 27. Qg6+ Kh8 {Threatens to win with ...Qe7.} 28. Rb4 {White threatens Rh4+ and mate.} Ne4 29. Bxe4 dxe4 30. Rb3 $1 {[%cal Rb3h3]} e3 ({Don't play} 30... Qh4 31. Rg3 $18) 31. Rb4 {Threatening mate with Rg4.} Bd7 {[#]} ({Not} 31... Qe7 $2 32. Rg4 $18) 32. Qh6+ $1 Kg8 {...Qe7 is the strong threat.} 33. Qg6+ Kh8 34. Qh6+ Kg8 {[#] White must now prevent ...Qe7.} 35. Rh4 $1 Qxh4 36. Qxh4 {[%mdl 4096] Endgame KQ-KRB} Re8 {intending ...e2.} 37. Kf1 e2+ 38. Ke1 {White is clearly winning.} Re6 39. Qd8+ Be8 40. g4 b5 41. h4 Kg7 42. h5 Bf7 43. Qg5+ Kh7 44. Qxb5 {Accuracy: White = 81%, Black = 56%.} 1-0

[Event "Netanya International GM 2019"]
[Site "Netanya"]
[Date "2019.06.30"]
[Round "7.3"]
[White "Smirin, Ilia"]
[Black "Svidler, Peter"]
[Result "1-0"]
[WhiteElo "2594"]
[BlackElo "2737"]
[Annotator "TA"]
[PlyCount "65"]
[EventDate "2019.06.23"]
[EventType "tourn"]
[EventCountry "ISR"]
[SourceTitle "playchess.com"]
[Source "ChessBase"]
[SourceQuality "1"]

{[%evp 9,65,0,16,12,31,23,29,31,35,35,33,37,41,18,25,44,37,0,53,57,70,46,44,0,56,0,70,-12,322,311,312,318,300,315,267,262,362,319,361,147,156,70,77,80,320,315,322,313,383,381,382,381,381,366,421,427,413,399]} 1. e4 c6 2. d4 d5 3. exd5 cxd5 4. Nf3 Nf6 5. Ne5 Nc6 6. Bb5 {B13: Caro-Kann: Exchange Variation and Panov-Botvinnik Attack} Qa5+ (6... Bd7 7. Nxd7 Qxd7 8. c3 e6 9. O-O Bd6 10. Nd2 O-O 11. Bd3 Qc7 12. g3 e5 13. dxe5 Nxe5 {½-½ (30) Adams,M (2703)-Howell,D (2696) London 2018}) 7. Nc3 Bd7 8. Nxd7 {White has an edge.} Nxd7 9. Bd2 $146 ({Predecessor:} 9. O-O a6 10. Bxc6 bxc6 11. Re1 e6 12. Qg4 Nf6 13. Qg5 {1-0 (44) Schwabeneder,F (2431)-Mostbauer,F (2319) Vienna 2018}) 9... Rc8 $1 10. a4 Qb6 11. a5 Qxd4 12. a6 bxa6 13. Bxa6 Rb8 (13... Rd8 $1 $11) 14. O-O $36 {[%mdl 3072] Strongly threatening Ra4. White has compensation. White is pushing.} e6 15. Bb5 Rc8 16. Ba6 Rb8 17. Bb5 (17. Nb5 $5 {[%cal Rb5d4]} Qh4 18. Be3 $11) 17... Rc8 18. Ra6 (18. Ra4 $14 Qb6 19. Qe2) 18... Nce5 $2 {[%mdl 8192]} (18... Ndb8 $11 {and Black is okay.}) 19. Qe2 $18 Be7 20. Ra4 Nc4 21. Be3 Qe5 22. Rxa7 (22. Bxc4 Rxc4 23. Rxc4 (23. Rxa7 Qb8 $14) 23... dxc4 $16) 22... Rc7 23. f4 Qd6 {[#]} 24. Ra6 (24. Ne4 $1 $18 {[%mdl 512] and the rest is easy.} dxe4 25. Rd1 (25. Bxc4 Rxa7 26. Bxa7 O-O $11) 25... Rxa7 26. Rxd6 (26. Bxa7 Qb4 $16) 26... Nxd6 27. Bxa7) 24... Qxa6 $16 {[#]} 25. Bxa6 (25. Nxd5 $1 $16 Qd6 26. Nxc7+ Qxc7 27. Qxc4 (27. Bxc4 O-O $16) 27... Qxc4 28. Bxc4) 25... Nxe3 $14 26. Nb5 (26. Qxe3 Bc5 $17) 26... Rc6 $2 (26... Rc4 $16) 27. Nd4 $18 ({Not} 27. Qxe3 Bc5 $14) 27... Rb6 28. Ra1 ({Don't play} 28. Qxe3 $6 Rxa6 29. f5 e5 $18) 28... Nxc2 29. Nxc2 ({Don't do} 29. Qxc2 O-O $18) 29... O-O 30. Bb5 Nf6 31. Ra6 Rb7 32. b4 Ne4 {intending ...Nc3.} 33. Bc6 {Accuracy: White = 58%, Black = 52%.} 1-0

[Event "Netanya International GM 2019"]
[Site "Netanya"]
[Date "2019.06.30"]
[Round "7.4"]
[White "Postny, Evgeny"]
[Black "Gelfand, Boris"]
[Result "1/2-1/2"]
[WhiteElo "2601"]
[BlackElo "2676"]
[Annotator "TA"]
[PlyCount "87"]
[EventDate "2019.06.23"]
[EventType "tourn"]
[EventCountry "ISR"]
[SourceTitle "playchess.com"]
[Source "ChessBase"]
[SourceQuality "1"]

{[%evp 12,87,0,0,27,16,25,7,6,17,28,28,11,11,20,10,19,25,24,0,9,0,0,0,0,0,0,0,0,0,0,-15,0,0,0,0,0,0,0,0,49,49,52,41,33,33,33,35,34,41,41,41,52,33,38,33,33,30,24,15,15,15,15,15,15,15,15,0,15,0,0,0,0,0,0,0,0,0]} 1. d4 Nf6 2. c4 e6 3. g3 Bb4+ 4. Nd2 c5 5. a3 Bxd2+ 6. Qxd2 cxd4 7. Nf3 d5 {E00: Catalan Bogo-Indian (3 g3 Bb4+)} 8. cxd5 e5 {[%mdl 64] [#] Decoy} 9. Nxe5 $146 {aiming for Bg2.} (9. Bg2 Qxd5 10. Qg5 O-O 11. Qxe5 Nc6 12. Qxd5 Nxd5 13. O-O Re8 14. Rd1 Rxe2 15. Nxd4 Nxd4 16. Bxd5 {½-½ (25) Matlakov,M (2700)-Karjakin,S (2753) St Petersburg 2018}) 9... Qxd5 {[%mdl 64] Double Attack} 10. Nf3 Nc6 11. Bg2 O-O 12. O-O Bf5 13. b4 Be4 14. Bb2 a5 15. b5 (15. Qf4 {seems wilder.} h6 16. Rad1 Rfe8 17. Bxd4 Nxd4 18. Rxd4 Qa2 19. Qd2) 15... Qxb5 16. Nxd4 Nxd4 17. Bxd4 Bxg2 18. Kxg2 Ne4 19. Qa2 Rfd8 20. Rfd1 Qc6 {[#] ...Nc3+ is the strong threat.} (20... Qa4 $5 21. Qb2 $8 Nc5 $11) 21. f3 Nc3 22. Bxc3 $1 Qxc3 23. Rab1 Rxd1 24. Rxd1 $11 {[%mdl 4096] Endgame KQR-KQR} Qc6 25. Qd5 (25. h4 {with more complications.} Re8 26. e4 b6 27. g4 g6 28. Rd5) 25... g6 (25... Qe8 {looks sharper.} 26. Kf2 b5 27. Qc5 Rc8 28. Qb6 a4) 26. Qxc6 bxc6 $14 {KR-KR} 27. Rd7 Rb8 28. Ra7 Rb5 29. Kf2 h5 30. a4 Rc5 31. Ke3 Kg7 32. h4 g5 $1 33. hxg5 Rxg5 34. Kf4 Rc5 35. e4 Kg6 {The position is equal.} 36. Ra8 f6 37. Ra7 Rg5 38. Rc7 Rc5 39. Ra7 Rg5 40. Ke3 Rxg3 41. Rxa5 h4 42. Kf2 Rh3 43. Kg2 Rg3+ 44. Kf2 {Accuracy: White = 60%, Black = 87%.} 1/2-1/2

[Event "Netanya International GM 2019"]
[Site "Netanya"]
[Date "2019.06.30"]
[Round "7.5"]
[White "Eljanov, Pavel"]
[Black "Dubov, Daniil"]
[Result "1-0"]
[WhiteElo "2655"]
[BlackElo "2700"]
[Annotator "TA"]
[PlyCount "109"]
[EventDate "2019.06.23"]
[EventType "tourn"]
[EventCountry "ISR"]
[SourceTitle "playchess.com"]
[Source "ChessBase"]
[SourceQuality "1"]

{[%evp 9,109,10,20,26,29,33,36,20,21,16,26,28,23,10,18,1,16,7,16,12,36,22,29,24,34,25,36,36,34,29,31,30,35,30,27,0,-6,0,0,0,0,0,9,0,26,9,29,0,0,0,0,0,0,0,0,0,0,0,0,0,0,0,40,40,40,41,37,36,45,55,42,47,149,163,157,162,165,138,199,172,243,230,249,163,163,163,159,156,116,41,206,0,0,0,0,0,5177,5085,2067,1971,1160,997]} 1. e4 c5 2. Nf3 Nc6 3. Bb5 g6 4. O-O Bg7 5. Nc3 Nh6 (5... d6 6. Re1 Bd7 7. a4 Nf6 8. d3 O-O 9. Bg5 h6 10. Bh4 g5 11. Bg3 Nh5 12. Ne5 Nxe5 13. Bxe5 Bxe5 14. Qxh5 Kh7 15. Nd1 e6 16. c3 Bxb5 17. axb5 {1-0 (44) Nepomniachtchi,I (2757)-Gelfand,B (2703) Jerusalem 2018}) 6. d3 {B31: Sicilian: 2...Nc6 3 Bb5 g6} d6 7. Bf4 $146 ({Predecessor:} 7. h3 O-O 8. Bd2 f6 9. Ne2 Ne5 10. Nxe5 fxe5 11. Bc4+ e6 12. Qc1 Nf7 13. a4 Bd7 {½-½ (26) Nieminen,K (2235)-Pitkanen,S Finland 1997}) 7... Bd7 8. Qd2 {And now Bxc6 would win.White is slightly better.} Ng4 9. h3 Nf6 10. Bh6 O-O 11. Bxg7 Kxg7 12. Nh2 a6 13. Bxc6 Bxc6 14. f4 d5 {[%cal Rd5e4]} 15. e5 Nd7 16. Nf3 d4 17. Ne4 f5 18. Neg5 {aiming for Ne6+.} Bd5 19. e6 Nf6 20. Rae1 Bxf3 21. Rxf3 Rc8 22. Qf2 c4 23. Kh2 Qb6 24. b3 cxb3 25. cxb3 h6 26. Nf7 Rc6 27. Ne5 Rxe6 28. Rg3 (28. Nc4 $5 {[%cal Rc4b6]} Qc6 29. Rg3 $11) 28... Rxe5 $1 29. Rxe5 e6 30. Qe1 Kf7 31. Rf3 Nd5 32. Qh4 Rh8 33. Rf1 Qc7 34. Rxd5 exd5 $11 {[%mdl 4096] Endgame KQR-KQR} 35. Re1 g5 36. Qh5+ {[%mdl 1024] White has compensation.} Kg7 37. Kg1 Qf7 38. Qe2 Qf6 39. Qf3 Rd8 40. Re5 gxf4 (40... Rd7 $14) 41. Qxf4 $16 {[%mdl 64] Double Attack} Kg6 42. h4 h5 43. a4 ({Don't take} 43. Qxd4 Re8 $16) 43... a5 (43... b5 $16 {might work better.} 44. Kf2 (44. Qxd4 Re8 $16) 44... Rd6 45. Qxd4 bxa4 46. bxa4 Rd7) 44. Qxd4 $18 b6 (44... Rd6 $142 45. Qf4 Rd7) 45. Qf4 d4 46. g4 hxg4 {[#] Strongly threatening ...Rf8.} 47. h5+ $1 {[%mdl 512]} Kh7 (47... Kxh5 48. Rxf5+) 48. Rxf5 Qd6 49. Qe4 ({White should play} 49. Rf7+ $16 Kh8 50. Kf2) 49... Kh8 $2 (49... Qg3+ $1 $14 50. Kf1 Kh8) 50. Rf7 $2 ({Don't play} 50. Qxg4 $6 Rg8 $16) (50. Rf4 $18) 50... Qg3+ $11 51. Kf1 {[%csl Gf7][%cal Re4h7]} Qh3+ {[%mdl 64] Double Attack} 52. Ke1 {[%csl Gf7][%cal Re4h7]} Qh4+ $2 {[%mdl 8192]} (52... Qg3+ $11 53. Kd1 Qg1+ 54. Ke2 Qh2+ {[%mdl 64] Double Attack} 55. Kf1 Qh3+ 56. Ke1 Qg3+ 57. Kd1 Qg1+ 58. Ke2 Qh2+ {[%mdl 64] Double Attack} 59. Kf1 Qh3+) 53. Kd1 $18 {[%csl Gf7][%cal Re4h7] White is clearly winning.} Qxh5 54. Rf5 Qh2 {[#]} 55. Rf1 $1 {Accuracy: White = 77%, Black = 60%.} 1-0

[Event "Netanya International GM 2019"]
[Site "Netanya"]
[Date "2019.07.01"]
[Round "8.1"]
[White "Svidler, Peter"]
[Black "Postny, Evgeny"]
[Result "1-0"]
[WhiteElo "2737"]
[BlackElo "2601"]
[Annotator "TA"]
[PlyCount "87"]
[EventDate "2019.06.23"]
[EventType "tourn"]
[EventCountry "ISR"]
[SourceTitle "playchess.com"]
[Source "ChessBase"]
[SourceQuality "1"]

{[%evp 19,91,12,9,18,30,29,33,31,31,31,31,25,25,-18,18,8,38,39,37,36,38,25,53,46,48,34,39,29,91,62,72,57,111,81,72,56,47,37,36,29,70,70,147,134,199,199,196,209,169,142,127,135,139,145,148,146,138,140,175,57,447,422,443,429,404,403,838,832,1036,1022,1095,1093,1069,1036]} 1. e4 e5 2. Nf3 Nc6 3. Bb5 a6 4. Ba4 Nf6 5. O-O Be7 6. Re1 b5 7. Bb3 d6 8. a4 b4 9. a5 O-O 10. c3 Rb8 11. d3 {C90: Closed Ruy Lopez with 7...d6: Early deviations} (11. Bc4 Nxe4 12. Bd5 Nxf2 13. Kxf2 Nxa5 14. cxb4 Rxb4 15. d4 c6 16. Ba2 exd4 17. Kg1 d5 18. Na3 Bf6 19. Nc2 {1-0 (48) Dominguez Perez,L (2750)-Nozdrachev,V (2489) Sochi 2019}) 11... h6 12. Nbd2 bxc3 13. bxc3 {White is slightly better.} Be6 14. Nc4 Qc8 $146 ({Predecessor:} 14... Nd7 15. Ba4 Na7 16. Be3 Nb5 17. Qc1 f5 18. exf5 Bxf5 19. d4 e4 20. Nfd2 Nf6 21. Nf1 {0-1 (44) Calzetta Ruiz,M (2344)-Nemeth,M (2486) Porto San Giorgio 2009}) 15. Qc2 Rd8 16. Ba3 Bf8 17. Nfd2 Ne7 {[%cal Bc6e7,Be7g6,Bg6f4][%mdl 32]} 18. d4 Ng6 19. d5 Bd7 20. Ne3 Ng4 21. Nxg4 Bxg4 22. Rab1 Nf4 23. Bc4 Ra8 (23... Rxb1 $11 {remains equal.} 24. Qxb1 Qa8) 24. Bf1 Bd7 25. Nc4 h5 (25... f5 $14) 26. Bc1 Be7 27. Bxf4 exf4 28. e5 dxe5 29. Nxe5 Bf6 30. Qd2 Be6 ({Black should try} 30... Bf5 $14 31. Rbd1 Re8) 31. c4 $1 $16 (31. Qxf4 Rxd5 32. Nc6 Qd7 $15) 31... c6 (31... f3 $16) 32. d6 $18 ({Worse is} 32. Nxc6 Qxc6 33. Qxf4 Bxd5 $1 $11 {[%mdl 512]}) ({And not} 32. Qxf4 cxd5 33. Rbc1 Qc5 $11) 32... c5 33. Rb6 Rb8 34. d7 Qc7 {[#]} 35. Rc6 $1 $36 {[%cal Rc6c7][%mdl 2048] Black is under strong pressure.} ({Weaker is} 35. Qxf4 Rxb6 36. axb6 Qxb6 $15) 35... Bxe5 36. Rxc7 Bxc7 37. Rxe6 $1 fxe6 38. g3 {Bh3 is the strong threat.} Kf7 39. Bh3 (39. gxf4 $18 {aiming for f5!} g6 40. Bh3 Rb1+ 41. Kg2) 39... Ke7 $2 {[%mdl 8192]} (39... g5 $1 $14) 40. Qe2 Rb1+ 41. Kg2 f3+ 42. Qxf3 Rf8 (42... Re1 $142 43. Qc3 Re4 44. Qxg7+ Kd6) 43. Qxh5 {White is clearly winning.} Bd6 {[#]} 44. Qg5+ {Played: Bh3xe6} 1-0

[Event "Netanya International GM 2019"]
[Site "Netanya"]
[Date "2019.07.01"]
[Round "8.2"]
[White "Gelfand, Boris"]
[Black "McShane, Luke J"]
[Result "1-0"]
[WhiteElo "2676"]
[BlackElo "2688"]
[Annotator "TA"]
[PlyCount "101"]
[EventDate "2019.06.23"]
[EventType "tourn"]
[EventCountry "ISR"]
[SourceTitle "playchess.com"]
[Source "ChessBase"]
[SourceQuality "1"]

{[%evp 20,101,25,12,37,30,30,36,60,50,51,62,57,56,64,65,77,58,64,50,66,66,57,49,47,54,46,55,50,44,68,74,74,74,74,69,73,73,70,46,45,28,40,37,37,34,41,40,129,120,264,183,182,186,277,285,301,289,289,304,294,288,304,287,454,454,447,443,428,416,889,885,29961,29963,29964,29965,29965,29961,29966,29966,29965,29965,5647,5551]} 1. c4 Nf6 2. Nf3 g6 3. Nc3 Bg7 4. e4 d6 5. d4 O-O 6. Be2 e5 7. O-O Na6 8. Be3 c6 9. dxe5 dxe5 10. Qxd8 Rxd8 11. h3 Nc7 {E94: King's Indian: Classical: 6 Be2 e5 7 0-0: Various Black 7th moves} (11... Re8 12. a3 b6 13. b4 Bb7 14. Nd2 Bf8 15. Rfd1 Kg7 16. Nb3 c5 17. bxc5 Nxc5 18. Nxc5 Bxc5 19. Bxc5 bxc5 {0-1 (31) Moradiabadi,E (2576)-Shimanov,A (2642) Burlingame 2017}) 12. Rfd1 Re8 13. b4 $146 ({Predecessor:} 13. Ne1 Ne6 14. f3 Nh5 15. Kh2 Nhf4 16. Bf1 Nd4 17. Rd2 Nfe6 18. Rad1 b6 19. Nc2 Nxc2 20. Rxc2 {½-½ (34) Tuzinsky,M-Zagrapan,P (2177) Slovakia 2002}) 13... Nh5 {White is slightly better.} 14. Rac1 Nf4 15. Bf1 $1 Nfe6 16. c5 f6 17. Nd2 a5 18. a3 f5 19. exf5 gxf5 {White must now prevent ...f4.} 20. Nc4 $1 axb4 21. axb4 f4 22. Bd2 Nd4 23. Nd6 Rf8 24. Nxc8 Raxc8 25. Bc4+ Kh8 26. Ne4 Ncb5 27. Kf1 Rcd8 28. Ra1 h6 29. Rdc1 Kh7 30. Bc3 (30. Rcb1 {looks sharper.} Rd7 31. Bd3 Kh8 32. Be1 Nc7 33. Bc4) 30... Nxc3 31. Rxc3 Rd7 32. Bd3 {Strongly threatening Nf6+.} Kh8 33. Rca3 Rfd8 ({Black should try} 33... Ne6 $14) 34. Ra8 $16 Nb3 (34... Kg8 $16) 35. Rxd8+ Rxd8 36. Nd6 $1 {Hoping for Ra3.} e4 (36... Rb8 $142 37. Ra7 e4) 37. Nf7+ $18 Kh7 38. Bxe4+ ({Don't play} 38. Nxd8 $6 Bxa1 39. Bxe4+ Kg7 $18) 38... Kg8 39. Nxd8 Bxa1 {[%mdl 4096] Endgame [#] KBN-KBN} 40. Ke2 $1 Nc1+ 41. Kf3 Na2 (41... Kf8 {might work better.} 42. Nxb7 Na2 43. Bxc6 Nxb4) 42. b5 {[%cal Bb4b5,Bb5b6,Bb6b7][%mdl 32]} Nb4 43. b6 Bd4 44. Nxb7 Na6 (44... Kg7 $142 45. Kxf4 Kf6) 45. Bxc6 Nxc5 46. Nxc5 Bxc5 {KB-KB} 47. b7 Bd6 48. Ke4 Kf7 {[#]} 49. Kf5 $1 Bc7 50. Bd5+ Ke7 51. Kg6 {Accuracy: White = 88%, Black = 41%.} 1-0

[Event "Netanya International GM 2019"]
[Site "Netanya"]
[Date "2019.07.01"]
[Round "8.3"]
[White "Eljanov, Pavel"]
[Black "Nabaty, Tamir"]
[Result "1-0"]
[WhiteElo "2655"]
[BlackElo "2678"]
[Annotator "TA"]
[PlyCount "79"]
[EventDate "2019.06.23"]
[EventType "tourn"]
[EventCountry "ISR"]
[SourceTitle "playchess.com"]
[Source "ChessBase"]
[SourceQuality "1"]

{[%evp 12,79,39,0,24,0,23,17,32,41,33,18,19,0,0,0,0,16,31,26,43,39,56,45,57,62,50,41,55,63,65,37,41,36,59,48,55,52,24,32,38,27,67,55,79,97,108,82,66,15,16,18,20,31,31,20,36,26,24,35,297,304,981,979,955,906,29978,29979,29977,29977]} 1. d4 d5 2. c4 e6 3. Nc3 a6 4. cxd5 exd5 5. Nf3 Be6 6. Ng5 Bc8 7. Nf3 Be6 {D31: Queen's Gambit Declined: Semi-Slav without ...Nf6 (+ Marshall Gambit and Noteboom) and Exchange Variation lines without ...Nf6} 8. Ng5 Bc8 9. Qb3 h6 {The position is equal.} 10. Nf3 Nf6 11. Bf4 c5 $146 ({Predecessor:} 11... Bd6 12. Bxd6 Qxd6 13. e3 O-O 14. Bd3 b6 15. O-O Nbd7 16. Rfd1 Bb7 17. Rac1 {0-1 (65) Melkumyan,H (2670)-Carlsen,M (2835) St Petersburg 2018}) 12. dxc5 Bxc5 13. e3 Nc6 14. Be2 O-O 15. O-O b5 16. Rac1 Bb6 17. Ne5 Ne7 {[%cal Bc6e7,Be7f5,Bf5h4,Bh4f3][%mdl 32]} 18. Bf3 Be6 {Threatening ...d4.} 19. Qa3 Nf5 20. Rfd1 Re8 21. Ne2 {[%cal Bc3e2,Be2d4,Bd4c6][%mdl 32]} (21. g3 $5 {[%cal Re5c6]}) 21... Nh4 22. Nd4 Nxf3+ 23. Nexf3 Ne4 24. Nc6 Qd7 $1 25. Nfd4 g5 26. Bg3 Bg4 27. Re1 {Black must now prevent Ne5.} Nxg3 28. hxg3 Bh5 29. Qb3 Rac8 30. a4 (30. Qb4 $14) 30... Bxd4 $1 $11 31. Nxd4 bxa4 32. Qb6 Bg6 33. Qxa6 Rb8 34. Rc6 Kh7 35. Rec1 $36 {[%mdl 2048] aiming for Rc7. White has the initiative.} Rxb2 $2 {[%mdl 8192]} (35... Ra8 $14 36. Qe2 Rec8) 36. Rc7 $18 (36. Qxa4 Qe7 $14) 36... Qd8 $2 (36... Qg4 37. Qf6 (37. Qxa4 Rxe3 38. Qa7 Rxf2 $11) 37... Kg8) 37. R1c6 Rb1+ {[#]} 38. Kh2 $1 {[%mdl 512] Threatening mate with Rxg6.} Rg8 {[#]} 39. Rxg6 $1 {[%mdl 576] Remove Defender} Rxg6 40. Rxf7+ {Accuracy: White = 66%, Black = 48%.} 1-0

[Event "Netanya International GM 2019"]
[Site "Netanya"]
[Date "2019.07.01"]
[Round "8.4"]
[White "Dubov, Daniil"]
[Black "Dominguez Perez, Leinier"]
[Result "1/2-1/2"]
[WhiteElo "2700"]
[BlackElo "2760"]
[Annotator "TA"]
[PlyCount "21"]
[EventDate "2019.06.23"]
[EventType "tourn"]
[EventCountry "ISR"]
[SourceTitle "playchess.com"]
[Source "ChessBase"]
[SourceQuality "1"]

{[%evp 9,21,0,0,-18,24,25,66,0,8,0,0,3,20,0]} 1. d4 d5 2. c4 e6 3. Nf3 Nf6 4. Bg5 dxc4 5. e4 (5. Qa4+ Nbd7 6. e4 Be7 7. Nc3 O-O 8. Bxc4 Nb6 9. Qb3 Nxc4 10. Qxc4 a6 11. O-O b5 12. Qe2 Bb7 13. Bxf6 Bxf6 14. Rfd1 {½-½ (54) Mamedyarov,S (2790)-Ding,L (2812) Shamkir 2019}) 5... c5 6. Bxc4 {D30: Queen's Gambit Declined: Systems without Nc3} h6 7. Bxf6 Qxf6 8. d5 $146 (8. e5 $14 Qd8 9. Nc3) ({Predecessor:} 8. Nc3 cxd4 9. Qxd4 Qxd4 10. Nxd4 a6 11. O-O Be7 {½-½ (11) Schmidt,H (2042)-Link,U (1978) Bayern 2017}) 8... exd5 $1 $11 {The position is equal.} 9. Bxd5 Be7 10. Nc3 Nc6 11. O-O 1/2-1/2